| 000 | 00414nam a22001577a 4500 | ||
|---|---|---|---|
| 003 | OSt | ||
| 082 | _a631.56 | ||
| 088 | _a601 | ||
| 100 |
_aAkhina P _94691 |
||
| 245 | _aModelling soil erosion using rules and GIS for Kadalundi river basin / | ||
| 260 |
_bDepartment of Irrigation and Drainage Engineering _c2023. |
||
| 300 | _a149 p. | ||
| 650 |
_aSoil erosion _92065 |
||
| 700 |
_aRema K. P _92901 |
||
| 942 | _cTH | ||
| 999 |
_c18071 _d18071 |
||